000 03284nam a22003977a 4500
005 20090513112559.0
008 090513t xxu||||| |||| 00| u hin d
010 _aHIN-86448
020 _a9788171381906
_c250.00
035 _aHN-58794
035 _aB-352310-316
037 _bDBAD / PUB
037 _bसामयिक प्रकाशन
040 _adpl
_bhn
082 _a808.883
100 _aकन्हैयालाल नंदन
245 _a...कहना जरूरी था /
_cकन्हैयालाल नंदन
246 _a...Kahanaa Jarurii thaa
_bby Kanhaiyalal Nandan
260 _aनई दिल्ली
_bसामयिक प्रकाशन
_c2009
270 _a3320-21, जटवाड़ा, नेताजी सुभाष मार्ग दरियागंज,
_bनई दिल्ली
_e110002
_k011-23282733, 09868934715, 09811607086
_l23270715
_msamayikprakashan@rediffmail.com
300 _a176 पृ.
_c22सेमी (सजिल्द)
600 _aकन्हैयालाल नंदन
600 _aKanhaiyalal Nandan
650 _aस्मृति
650 _aMemory
942 _2ddc
_cHN
_mकन्हैया
_h808.883
999 _c26291
_d26291